| 000 | 01087nam a2200289 a 4500 | ||
|---|---|---|---|
| 001 | 000026070 | ||
| 003 | DO-SdBNP | ||
| 005 | 20251209123800.0 | ||
| 008 | 110228s1990 dr 000 0 spa d | ||
| 040 |
_aDO-SdBNP _bspa _cBNPHU |
||
| 082 |
_a324.97293 _bS583a |
||
| 100 | 1 |
_a Silié Gatón, José A., _d1920-2014 _9747 |
|
| 245 | 1 | 0 |
_aAdministración electoral / _cJosé A. Silié Gatón. |
| 260 |
_aSanto Domingo : _bFundación Ulises Francisco Espaillat, _c1990. |
||
| 300 |
_a134 p. ; _c21 cm. |
||
| 490 | 1 |
_aEstudios sociales y políticos ; _v1 |
|
| 504 | _aBibliografía : p. 133-134. | ||
| 590 | _aInventariado, 2018/BT | ||
| 650 | 4 |
_aPlanificación política _zRepública Dominicana _953010 |
|
| 650 | 0 |
_aElecciones _zRepública Dominicana _96411 |
|
| 650 | 0 |
_aCampaña electoral _zRepública Dominicana _946157 |
|
| 650 | 4 |
_aCampañas políticas _zRepública Dominicana _946237 |
|
| 710 | 2 |
_aFundación Ulises Francisco Espaillat (FUFE) _953011 |
|
| 830 | 0 |
_aEstudios sociales y políticos ; _n1 _953012 |
|
| 910 | _aValidado. Control de calidad. EMS | ||
| 942 |
_2ddc _cLBS1 |
||
| 999 |
_c25562 _d25562 |
||